<?xml version="1.0" encoding="UTF-8"?>
<marc:record xmlns:marc="http://www.loc.gov/MARC21/slim">
   <marc:leader>00000nam a2200000 a 4500</marc:leader>
   <marc:datafield ind1="1" ind2=" " tag="100">
      <marc:subfield code="a">Wemmer, Katrin</marc:subfield>
      <marc:subfield code="4">aut</marc:subfield>
      <marc:subfield code="e">Verfasser/-in</marc:subfield>
   </marc:datafield>
   <marc:datafield ind1="1" ind2=" " tag="100">
      <marc:subfield code="a">Gerth, Barbara</marc:subfield>
   </marc:datafield>
   <marc:datafield ind1="0" ind2="0" tag="245">
      <marc:subfield code="a">Übungen zur phonologischen Bewusstheit 1</marc:subfield>
   </marc:datafield>
   <marc:datafield ind1="0" ind2="0" tag="245">
      <marc:subfield code="b">Reime und Silben</marc:subfield>
   </marc:datafield>
   <marc:datafield ind1="0" ind2="0" tag="245">
      <marc:subfield code="c">Katrin Wemmer. Barbara Gerth</marc:subfield>
   </marc:datafield>
   <marc:datafield ind1=" " ind2="1" tag="264">
      <marc:subfield code="a">Hamburg</marc:subfield>
      <marc:subfield code="b">Persen</marc:subfield>
      <marc:subfield code="c">2016</marc:subfield>
   </marc:datafield>
   <marc:datafield ind1=" " ind2=" " tag="250">
      <marc:subfield code="a">6. Auflage</marc:subfield>
   </marc:datafield>
   <marc:datafield ind1="1" ind2=" " tag="520">
      <marc:subfield code="a">&lt;br/&gt;&lt;br/&gt;Grundlegend für einen erfolgreichen Schriftspracherwerb ist die Fähigkeit der Kinder, die Struktur der gesprochenen Sprache zu erkennen. Anhand der vielen liebevoll gestalteten Bilder zu Reimen und Silben nehmen die Schüler die formalen, lautlichen Aspekte der Sprache wahr. Die Kinder trainieren eine deutliche Aussprache, finden Reime und gliedern Wörter in Silben.&lt;br/&gt;Die Aufgaben beziehen noch keine Grapheme mit ein, sondern arbeiten ausschließlich mit Bildern.&lt;br/&gt;Mit diesem umfangreichen und strukturierten Material erhalten Sie eine Vielzahl von Übungen, damit jedes Kind zur phonologischen Bewusstheit gelangt.&lt;br/&gt;&lt;br/&gt;Die drei Bände zur phonologischen Bewusstheit bieten mit dem bildlichen Übungsmaterial eine sichere Basis für den späteren Schriftspracherwerb.&lt;br/&gt;[Verlagstext.]</marc:subfield>
   </marc:datafield>
   <marc:datafield ind1=" " ind2=" " tag="020">
      <marc:subfield code="a">9783834433329</marc:subfield>
      <marc:subfield code="9">9783834433329</marc:subfield>
   </marc:datafield>
   <marc:datafield ind1=" " ind2=" " tag="041">
      <marc:subfield code="a">ger</marc:subfield>
   </marc:datafield>
   <marc:datafield ind1=" " ind2=" " tag="500">
      <marc:subfield code="a">Sonderpädagogische Förderung | 1/2. Kl.</marc:subfield>
   </marc:datafield>
   <marc:datafield ind1=" " ind2=" " tag="300">
      <marc:subfield code="b">Illustrationen</marc:subfield>
   </marc:datafield>
   <marc:datafield ind1="1" ind2=" " tag="521">
      <marc:subfield code="a">0</marc:subfield>
   </marc:datafield>
   <marc:datafield ind1=" " ind2=" " tag="300">
      <marc:subfield code="a">96 Seiten</marc:subfield>
   </marc:datafield>
</marc:record>
